| 000 | 00432nam a2200169Ia 4500 | ||
|---|---|---|---|
| 008 | 230524s9999 xx 000 0 und d | ||
| 020 | _a9788129120212 | ||
| 082 | _bBHA | ||
| 100 | _aChetan Bhagat | ||
| 245 | 0 | _aWhat Young India Wants (Selected Essays and Columns) | |
| 250 | _a2 | ||
| 260 |
_aNoida _bRupa Pub _c2012 |
||
| 300 | _a"xxv,179p;" | ||
| 500 | _aQuantity Number: 2 | ||
| 650 |
_aMiscellaneous _91877 |
||
| 942 | _cBK | ||
| 999 |
_c52317 _d52317 |
||